|
|
|
|
| LEADER |
00000naa2a2200000 4500 |
| 001 |
431402 |
| 005 |
20231101075400.0 |
| 035 |
|
|
|a (RuTPU)RU\TPU\prd\91517
|
| 035 |
|
|
|a RU\TPU\prd\17446
|
| 090 |
|
|
|a 431402
|
| 100 |
|
|
|a 20101130a2003 k y0rusy50 ca
|
| 101 |
0 |
|
|a rus
|
| 102 |
|
|
|a RU
|
| 200 |
1 |
|
|a Влияние энергии связи на кинетику излучательной и безызлучательной рекомбинации связанных экситонов
|f А. Н. Старухин, Б. С. Разбирин
|
| 225 |
1 |
|
|a Твердые тела
|e Электронные свойства
|
| 320 |
|
|
|a Библиогр.: 14. назв.
|
| 461 |
|
1 |
|0 (RuTPU)RU\TPU\prd\1443
|x 0044-4510
|t Журнал экспериментальной и теоретической физики
|l ЖЭТФ
|f Российская академия наук (РАН) ; Отделение физических наук РАН
|d 1931-
|
| 463 |
|
1 |
|0 (RuTPU)RU\TPU\prd\91507
|t Т. 123, вып. 1
|v с. 92-97
|d 2003
|
| 610 |
1 |
|
|a магнитооптический метод
|
| 610 |
1 |
|
|a спектроскопия
|
| 610 |
1 |
|
|a энергия связи
|
| 610 |
1 |
|
|a кинетика
|
| 610 |
1 |
|
|a излучательные рекомбинации
|
| 610 |
1 |
|
|a измерения
|
| 610 |
1 |
|
|a безызлучательные рекомбинации
|
| 610 |
1 |
|
|a связанные зкситоны
|
| 610 |
1 |
|
|a время жизни
|
| 700 |
|
1 |
|a Старухин
|b А. Н.
|
| 701 |
|
1 |
|a Разбирин
|b Б. С.
|
| 801 |
|
1 |
|a RU
|b 63413507
|c 20030917
|g PSBO
|
| 801 |
|
2 |
|a RU
|b 63413507
|c 20101130
|g RCR
|
| 942 |
|
|
|c BK
|